00817cam a22002531 4500001001300000003000400013005001700017008004100034010001700075035002000092040001700112041001300129050001900142100003800161240002300199245008300222260005200305300001900357500007200376500001500448650004500463700003800508999001700546he 68000631 DLC20260227111454.0870223s1963 is 000 0 hebo  ahe 68000631  a(OCoLC)15228574 aDLCcCUdDLC1 ahebheng00aPR2796.H4bK531 aShakespeare, William,d1564-1616.10aKing Lear.lHebrew10aMelekh Lirc[me-et] Ṿilyam Sheḳspir. ʻIvrit bi-yede Sh. Ts. Daṿidovits. aYerushalayim,cḲiryat Sefer,c724 [1963 or 4] a140 p.c21 cm. aAdded t. p.: King Lear. Translated into Hebrew by S. H. Davidowitz. aVocalized. 0aLear, King (Legendary character)vDrama.1 aDavidowitz, Harry Soloman,d1887- c32998d32998